000 01581cam a22003974a 4500
001 UByD002914
003 AR-LpoUNG
005 20240628124036.0
008 240628s2011 ag o 000 0bspa d
020 _a9789500735056
040 _aAR-BaFGC
_cAR-BaFGC
_dAR-LpoUNG
_eaacr
041 _aspa
082 0 4 _a982.064 686dob
_220
100 1 _aVignollés, Alejandra
245 1 0 _aDoble condena :
_bla verdadera historia de Roberto Quieto : secuestrado por los militares y acusado de traición por los Montoneros
250 _a1ra. ed.
260 _aBuenos Aires :
_bSudamericana,
_cc2011.
300 _a231 p. :
_bfot.
504 _aIncluye referencias bibliográficas.
520 3 _aInvestigación periodística en torno a la figura de Roberto Quieto, en la que se desanda y reconstruye la vida del segundo -en términos de liderazgo- de la organización Montoneros. Admirado y respetado por sus pares, una vez desaparecido fue considerado, por un sector de los militantes, en especial por la dirigencia montonera, como colaboracionista con las mismas fuerzas militares que provocaron su desaparición a finales de 1975.
650 4 _aARGENTINA
650 4 _aHISTORIA POLITICA
650 4 _aHISTORIA NACIONAL
650 4 _aCONFLICTOS POLITICOS
650 4 _aREVOLUCION
650 4 _aMONTONEROS
650 4 _aVIOLENCIA POLITICA
650 4 _aDICTADURA
650 4 _aGOLPES DE ESTADO
650 4 _aTERRORISMO DE ESTADO
650 4 _aBIOGRAFIAS
650 4 _aGUERRILLEROS
653 1 _aQUIETO, ROBERTO
653 0 _aDESAPARECIDOS
942 _2ddc
_cLIB
999 _c65481
_d65481